Statistics for Top 25 Netflix Originals

Click here to take the quiz!

General Stats

  • This quiz has been taken 278 times
  • The average score is 4 of 25

Answer Stats

#Netflix OriginalPremier Year% Correct
6Stranger Things2016
89%
5Orange is the New Black2013
52%
15House of Cards2013
36%
14Narcos2015
31%
17Marvel's Daredevil2015
24%
3The Crown2016
24%
9Jessica Jones2015
23%
19Marvel's Luke Cage2016
22%
1BoJack Horseman2014
14%
24Sense82015
12%
8The Unbreakable Kimmy Schmidt2015
10%
13Mindhunter2017
9%
23On My Block2018
8%
4GLOW2017
7%
11Making a Murderer2015
6%
2Master of None2015
6%
21American Vandal2017
5%
16A Series of Unfortunate Events2017
5%
10Dear White People2017
4%
22Queer Eye2018
3%
25Chef's Table / Ugly Delicious2017 / 2018
2%
7One Day at a Time2017
2%
20Alias Grace2017
1%
12Lady Dynamite2016
1%
18Wormwood2017
0%

Score Distribution

Percentile by Number Answered

Percent of People with Each Score

Your Score History

You have not taken this quiz